<?xml version="1.0" encoding="UTF-8"?>
<record
    xmlns:xsi="http://www.w3.org/2001/XMLSchema-instance"
    xsi:schemaLocation="http://www.loc.gov/MARC21/slim http://www.loc.gov/standards/marcxml/schema/MARC21slim.xsd"
    xmlns="http://www.loc.gov/MARC21/slim">

  <leader>00554nam a22001697a 4500</leader>
  <datafield tag="999" ind1=" " ind2=" ">
    <subfield code="c">178224</subfield>
    <subfield code="d">178224</subfield>
  </datafield>
  <controlfield tag="005">20210322165004.0</controlfield>
  <datafield tag="010" ind1=" " ind2=" ">
    <subfield code="a">MAL 0247</subfield>
  </datafield>
  <datafield tag="020" ind1=" " ind2=" ">
    <subfield code="a">078-93-5390-561-3</subfield>
  </datafield>
  <datafield tag="035" ind1=" " ind2=" ">
    <subfield code="a">MA-8704</subfield>
  </datafield>
  <datafield tag="082" ind1=" " ind2=" ">
    <subfield code="a">894.8123</subfield>
  </datafield>
  <datafield tag="100" ind1=" " ind2=" ">
    <subfield code="a">&#xD2A;&#xD4B;, &#xD0E;&#xD21;&#xD4D;&#x200C;&#xD17;&#xD4B;&#xD7C; &#xD05;&#xD32;&#xD7B; </subfield>
  </datafield>
  <datafield tag="245" ind1=" " ind2=" ">
    <subfield code="a">&#xD2D;&#xD40;&#xD24;&#xD3F; /</subfield>
    <subfield code="c">&#xD0E;&#xD21;&#xD4D;&#x200C;&#xD17;&#xD4B;&#xD7C; &#xD05;&#xD32;&#xD7B; &#xD2A;&#xD4B;</subfield>
  </datafield>
  <datafield tag="260" ind1=" " ind2=" ">
    <subfield code="a">Kottayam (Kerala)</subfield>
    <subfield code="b">&#xD21;&#xD3F; &#xD38;&#xD3F; &#xD2C;&#xD41;&#xD15;&#xD4D;&#xD15;&#xD4D;&#xD38;&#xD4D; </subfield>
    <subfield code="c">2020</subfield>
  </datafield>
  <datafield tag="270" ind1=" " ind2=" ">
    <subfield code="a">D C Books Kattayam- 686001 (Kerala)</subfield>
  </datafield>
  <datafield tag="300" ind1=" " ind2=" ">
    <subfield code="a">240p.</subfield>
    <subfield code="b">22cm(pbk)</subfield>
  </datafield>
  <datafield tag="942" ind1=" " ind2=" ">
    <subfield code="2">ddc</subfield>
    <subfield code="c">MA</subfield>
    <subfield code="h">894.8123</subfield>
    <subfield code="m">&#xD2A;&#xD4B;&#xD0E;</subfield>
  </datafield>
  <datafield tag="952" ind1=" " ind2=" ">
    <subfield code="0">0</subfield>
    <subfield code="1">0</subfield>
    <subfield code="4">0</subfield>
    <subfield code="7">0</subfield>
    <subfield code="8">NFIC</subfield>
    <subfield code="a">DBAD</subfield>
    <subfield code="b">DBAD</subfield>
    <subfield code="d">2021-03-22</subfield>
    <subfield code="g">250.00</subfield>
    <subfield code="l">0</subfield>
    <subfield code="o">894.8123 &#xD2A;&#xD4B;&#xD0E;</subfield>
    <subfield code="p">MA-8704</subfield>
    <subfield code="r">2021-03-22 00:00:00</subfield>
    <subfield code="t">1</subfield>
    <subfield code="v">250.00</subfield>
    <subfield code="w">2021-03-22</subfield>
    <subfield code="y">MA</subfield>
  </datafield>
</record>
